000 00249nam a2200097Ia 4500
008 240331s9999 xx 000 0 und d
082 _bREM
100 _aThiruchandran S, Udagama Dand ,Wickremasinghe S, d
245 0 _aRemembering Bernadeen
942 _cL
999 _c4414
_d4414